[Event "Rio de Janeiro Keres Memorial 4th"]
[Site "Rio de Janeiro"]
[Date "2016.10.08"]
[Round "3"]
[White "Ramos, Angelo Bil"]
[Black "Beserra, Juan Pablo de Carva"]
[Result "1-0"]
[WhiteElo "2006"]
[BlackElo "1906"]
[PlyCount "113"]
[EventDate "2016.10.01"]
[EventType "swiss"]
[EventRounds "6"]
[EventCountry "BRA"]
[SourceTitle "EXT 2018"]
[Source "ChessBase"]
[SourceDate "2017.10.13"]
[SourceVersion "1"]
[SourceVersionDate "2017.10.13"]
[SourceQuality "1"]

1. e4 c5 2. Nf3 d6 3. d4 cxd4 4. Nxd4 Nf6 5. Nc3 g6 6. Be3 Bg7 7. f3 0-0 8. Qd2 Nc6 9. 0-0-0 d5 10. Qe1 e5 11. Nxc6 bxc6 12. Bc5 Be6 13. Kb1 Qb8 14. g4 Rd8 15. Be2 Qb7 16. h4 Rab8 17. b3 dxe4 18. fxe4 Nxg4 19. h5 Nf6 20. hxg6 Rxd1+ 21. Bxd1 hxg6 22. Bd6 Re8 23. Qh4 Bc8 24. Be2 Qd7 25. Bc5 Qd2 26. Kb2 Qf4 27. Bxa7 Qxh4 28. Rxh4 Be6 29. a4 Nd7 30. Be3 f5 31. Bg5 f4 32. Rh1 Kf7 33. a5 Ra8 34. a6 Nc5 35. Ra1 Bf6 36. Bxf6 Kxf6 37. b4 Nd7 38. Nd1 Nb6 39. Kc3 g5 40. Nf2 Nc8 41. Ng4+ Bxg4 42. Bxg4 Na7 43. Kc4 Rh8 44. Kc5 Rh7 45. c4 Kf7 46. Rd1 Ke8 47. Rd6 Rh4 48. Bd7+ Ke7 49. Bxc6 Nc8 50. Rd7+ Kf6 51. Rc7 g4 52. Rxc8 g3 53. a7 g2 54. Rg8 f3 55. a8Q Rh7 56. Qf8+ Rf7 57. Qd6# 1-0

[Event "Rio de Janeiro Alex op"]
[Site "Rio de Janeiro"]
[Date "2016.06.18"]
[Round "3"]
[White "Zacarias, Rodrigo Medeiros"]
[Black "Beserra, Juan Pablo de Carva"]
[Result "1-0"]
[WhiteElo "2110"]
[BlackElo "1913"]
[PlyCount "101"]
[EventDate "2016.06.12"]
[EventType "swiss"]
[EventRounds "6"]
[EventCountry "BRA"]
[SourceTitle "CBM 173 Extra"]
[Source "ChessBase"]
[SourceDate "2016.08.29"]
[SourceVersion "1"]
[SourceVersionDate "2016.08.29"]
[SourceQuality "1"]

1. e4 c5 2. Nf3 e6 3. d4 cxd4 4. Nxd4 Nc6 5. Nc3 Qc7 6. Be3 a6 7. a3 Nf6 8. Be2 b5 9. 0-0 Bb7 10. f4 d6 11. Nxc6 Bxc6 12. Bf3 Rc8 13. Qe1 Be7 14. Qg3 0-0 15. f5 Rfe8 16. fxe6 fxe6 17. Rf2 Qb7 18. e5 dxe5 19. Qxe5 Bd5 20. Qxe6+ Bxe6 21. Bxb7 Rc7 22. Bf3 Bc4 23. Bd4 Bc5 24. Bxc5 Rxc5 25. Rd2 Rce5 26. Rad1 Kf7 27. b3 Re3 28. Nd5 Re1+ 29. Kf2 Rxd1 30. Rxd1 Bxd5 31. Bxd5+ Nxd5 32. Rxd5 Rc8 33. Rd2 Rc3 34. Ke2 a5 35. Kd1 a4 36. Rd3 Rxd3+ 37. cxd3 Ke6 38. bxa4 bxa4 39. Kc2 Kd5 40. Kc3 Kc5 41. d4+ Kd5 42. Kd3 h6 43. h3 g6 44. g3 g5 45. g4 Kc6 46. Ke4 Kd6 47. d5 Kd7 48. Ke5 Ke7 49. d6+ Kd7 50. Kd5 Kd8 51. Ke6 1-0